Statistics for Places on a Risk Board Quiz

Click here to take the quiz!

General Stats

  • This quiz has been taken 26,354 times
  • The average score is 22 of 42

Answer Stats

Continent Place % Correct
AsiaChina
85%
South AmericaBrazil
82%
EuropeUkraine
80%
AsiaJapan
79%
AsiaIndia
75%
AfricaSouth Africa
74%
South AmericaArgentina
74%
South AmericaPeru
64%
AfricaEgypt
64%
OceaniaIndonesia
62%
EuropeIceland
61%
North AmericaAlaska
61%
AfricaMadagascar
60%
OceaniaWestern Australia
58%
North AmericaGreenland
58%
OceaniaEastern Australia
57%
EuropeWestern Europe
55%
South AmericaVenezuela
55%
EuropeScandinavia
53%
EuropeGreat Britain
52%
EuropeSouthern Europe
52%
AsiaMongolia
51%
North AmericaCentral America
49%
North AmericaWestern United States
49%
North AmericaEastern United States
49%
AfricaCongo
49%
AsiaMiddle East
47%
EuropeNorthern Europe
46%
AfricaEast Africa
45%
North AmericaQuebec
43%
OceaniaNew Guinea
41%
AsiaSiberia
40%
North AmericaOntario
40%
AsiaSiam
39%
AfricaNorth Africa
39%
North AmericaAlberta
32%
AsiaKamchatka
32%
North AmericaNorthwest Territory
30%
AsiaAfghanistan
28%
AsiaUral
25%
AsiaIrkutsk
24%
AsiaYakutsk
20%

Score Distribution

Percentile by Number Answered

Percent of People with Each Score

Your Score History

You have not taken this quiz